000 00447cam a2200193ua 4500
001 7210
005 20260515114153.0
008 141204n ii |||gr||||Z||||||eng
040 _cMAIN
041 _aeng
082 _a336.24
100 _aDutta, S.R.,
_eAuthor.
245 1 _aStudies in income-tax
_cBy Sunil Ranjan Dutta
250 _a1st.
260 _aCalcutta:
_bJ.N.Ghose,
_c1976.
300 _a472p.
653 _aIncome tax
942 _cBK
999 _c6330
_d6330